|
|
|
|
| LEADER |
00000nam0a2200000 4500 |
| 001 |
272817 |
| 005 |
20231101234554.0 |
| 020 |
|
|
|a RU
|b 86-86946
|
| 035 |
|
|
|a (RuTPU)RU\TPU\book\296026
|
| 090 |
|
|
|a 272817
|
| 100 |
|
|
|a 20141021d1986 km y0rusy5003 ca
|
| 101 |
0 |
|
|a rus
|
| 102 |
|
|
|a RU
|
| 105 |
|
|
|a a z 001zy
|
| 200 |
1 |
|
|a Геодезические работы при строительстве мостов
|f под ред. В. А. Коугия
|
| 210 |
|
|
|a Москва
|c Недра
|d 1986
|
| 215 |
|
|
|a 247 с.
|c ил.
|d 22 см
|
| 320 |
|
|
|a Библиогр.: с. 247-248 (33 назв.)
|
| 606 |
1 |
|
|a Мостостроение
|2 stltpush
|3 (RuTPU)RU\TPU\subj\44503
|9 63819
|
| 610 |
1 |
|
|a геодезические работы
|
| 610 |
1 |
|
|a мосты
|
| 610 |
1 |
|
|a геодезические измерения
|
| 610 |
1 |
|
|a опоры
|
| 610 |
1 |
|
|a строительство
|
| 610 |
1 |
|
|a разбивочные работы
|
| 610 |
1 |
|
|a возведение
|
| 610 |
1 |
|
|a геодезический контроль
|
| 610 |
1 |
|
|a пролетные строения
|
| 610 |
1 |
|
|a подводные тоннели
|
| 675 |
|
|
|a 624.21
|z rus
|v 4
|
| 702 |
|
1 |
|a Коугия
|b В. А.
|g Вилио Александрович
|4 340
|
| 801 |
|
0 |
|a RU
|b RuMRKP
|c 19950704
|g psbo
|
| 801 |
|
1 |
|a RU
|b 63413507
|c 20141021
|
| 801 |
|
2 |
|a RU
|b 63413507
|c 20161230
|g RCR
|
| 942 |
|
|
|c BK
|